|
|
|
|
| LEADER |
00000nab a2200000 ar4500 |
| 001 |
vtls009005513 |
| 003 |
SK-MaSNL |
| 005 |
20260303065705.0 |
| 008 |
070711c20070627xo mr|p|||||||000 b|slo |
| 015 |
|
|
|a SNKBUCL2007/07
|2 snkbucl
|
| 038 |
|
|
|a SNKBUCL
|
| 040 |
|
|
|a SNKBUCL
|b slo
|c SNKBUCL
|e AACR2
|
| 041 |
0 |
|
|a slo
|
| 044 |
|
|
|a xo
|c SK
|
| 080 |
|
|
|a 796.524.071
|2 2001
|
| 080 |
|
|
|a 929 Koller, Igor
|2 2001
|
| 100 |
1 |
|
|a Vranka, Milan,
|d 1959-
|4 ivr
|9 147240
|
| 245 |
1 |
0 |
|a Tri traumy slovenských horolezcov
|b stále aktívny horolezec Igor Koller je novým predsedom Slovenského horolezeckého spolku JAMES
|c [zhováral sa] Milan Vranka
|
| 300 |
|
|
|b Fotogr.
|
| 600 |
1 |
7 |
|a Koller, Igor,
|d 1952-
|2 snkbucl
|9 103581
|
| 650 |
0 |
7 |
|a horolezectvo
|2 snkbucl
|9 1050
|
| 700 |
1 |
|
|a Koller, Igor,
|d 1952-
|4 ive
|9 103581
|
| 773 |
0 |
|
|t Šport
|g Roč. 61, č. 147 (27.6.2007), s. 30-31
|x 0139-7001
|
| 852 |
|
|
|a SNK
|b KIS3GCP
|
| 958 |
|
|
|a BX
|
| 999 |
|
|
|c 1752220
|d 1754150
|